|
|
|
|
| LEADER |
00000nab a2200000 a 4500 |
| 001 |
vtls008854116 |
| 003 |
SK-MaSNL |
| 005 |
20260303062250.0 |
| 008 |
140303c2006 xo wrzp 0 0slo |
| 015 |
|
|
|a SNBRB2006/10
|2 snkbucl
|
| 040 |
|
|
|a SNKBUCL
|b slo
|c SNKBUCL
|e AACR2
|
| 041 |
0 |
|
|a slo
|
| 044 |
|
|
|a xo
|c SK
|
| 080 |
|
|
|a 369.022
|2 1997
|
| 100 |
1 |
|
|a Janík, Branislav
|4 aut
|9 838464
|
| 245 |
1 |
0 |
|a Doplatí štát miliardu za svojich poistencov?
|b komplikovaný systém ročného zúčtovania má Ministerstvo zdravotníctva SR zjednodušiť
|c Branislav Janík
|
| 300 |
|
|
|a Fotogr.
|
| 650 |
0 |
7 |
|a zdravotné poistenie
|2 snkbucl
|9 28257
|
| 650 |
0 |
7 |
|a preddavky
|x ročné zúčtovanie
|2 snkbucl
|9 1042621
|
| 773 |
0 |
|
|t Zdravotnícke noviny
|g Roč. XI, č. 32 (2006), s.5
|x 1335-4477
|
| 852 |
|
|
|a SNK
|b KIS3GCP
|
| 958 |
|
|
|a SK
|
| 999 |
|
|
|c 1738600
|d 1740530
|